Europäische Fußballwappen - Bilderquiz - Statistiken

Allgemein
  • Dieses Quiz wurde 131 mal gespielt
  • Das Durchschnittsergebnis liegt bei 13 aus 16
Antwortstatistiken
Bildquiz Antwort % Korrekt
PSV Eindhoven
98%
FC Porto
97%
Lille OSC
95%
FC Bologna
93%
FC Villareal
92%
Wolverhampton Wanderers
92%
FC Fulham
91%
Olympiakos Piräus
88%
Leeds United
87%
CFC Genua
84%
AEK Athen
81%
Sparta Prag
81%
RCD Mallorca
79%
Union Saint-Gilloise
58%
AC Le Havre
55%
Grasshopper Club Zürich
52%
Keine übereinstimmenden Quizze gefunden
Verteilung der Resultate
Anzahl Personen mit jedem Resultat
Perzentil nach korrekt beantworteten Fragen
Ihre Resultats-Entwicklung
Sie haben dieses Quiz noch nicht gespielt